Science Quiz

Random Science or Clickable Quiz

Clicking Decimals Quiz Stats

Quiz Updated Feb 12, 2015

Challenge
Share
Tweet
Embed
Score 0/31 Timer 04:00
0 Plays Today
% Correct
0
87.3%
0.5
86.8%
1
86.4%
0.1
86.4%
0.25
86.1%
0.75
85.7%
0.9
84.9%
0.7
84.7%
0.3333
83.9%
0.3
83.9%
0.2
83.8%
0.6667
82.1%
0.8
81.6%
0.4
81.1%
0.6
80.8%
0.9091
78.7%
% Correct
0.125
78%
0.0909
76.2%
0.875
72.9%
0.625
70.9%
0.4545
70.7%
0.1818
70.7%
0.1667
70.5%
0.2727
70.5%
0.375
70.5%
0.5455
68.2%
0.3636
66.7%
0.7273
64.5%
0.6364
63.2%
0.8333
63.2%
0.8182
57.3%

You're not logged in!

Compare scores with friends on all Sporcle quizzes.
Sign Up with Email
OR
Log In

You Might Also Like...

Show Comments

Extras

Top Quizzes Today


Score Distribution

Your Account Isn't Verified!

In order to create a playlist on Sporcle, you need to verify the email address you used during registration. Go to your Sporcle Settings to finish the process.

Report this User

Report this user for behavior that violates our Community Guidelines.

Details: